[Event "FIDE World Cup"]
[Site "Khanty-Mansiysk"]
[Date "2005.11.28"]
[Round "1.2"]
[White "Pantsulaia, Levan"]
[Black "Milov, Vadim"]
[Result "1/2-1/2"]
[WhiteElo "2578"]
[BlackElo "2652"]
[Annotator "Stohl,I"]
[PlyCount "122"]
[EventDate "2005.11.27"]
[EventType "k.o."]
[EventRounds "7"]
[EventCountry "RUS"]
[SourceTitle "CBM 111"]
[Source "ChessBase"]
[SourceDate "2006.04.04"]
[SourceVersion "1"]
[SourceVersionDate "2006.04.04"]
[SourceQuality "1"]

1. d4 g6 2. Nf3 Bg7 3. c4 c5 4. e4 Nc6 (4... d6 5. Be2 Nc6 6. d5 Nd4 7. Nxd4
cxd4 8. O-O Qb6 (8... e5 $142 $5) 9. a4 a5 10. c5 $1 Qxc5 11. Bb5+ Bd7 12.
Bxd7+ Kxd7 13. Qb3 Rc8 14. Bd2 Nf6 15. Re1 Rhd8 16. Na3 Ke8 17. Rac1 Qa7 18.
Nb5 Qb8 19. Bxa5 $16 {Vallejo Pons,F-Marin,M/ESP-chT Sanxenxo/2004/}) (4...
cxd4 5. Nxd4 {leads to the super-solid Maroczy set-up - while this is playable
for Black, one has to realize Milov had to win to avoid elimination. Therefore
he does his utmost to achieve a complex position, while White is content with
keeping the tension as low as possible. One has to bear this in mind
throughout the whole game.}) 5. dxc5 (5. Be3 Qb6 $5 6. Nc3 cxd4 7. Nd5 Qa5+ 8.
b4 Qd8 9. Bf4 d6 10. b5 Nb8 11. e5 e6 12. Bg5 Qa5+ 13. Bd2 Qd8 14. Bg5 Qa5+ {
1/2,Gruenberg,R-Cuartas,C/Hamburg/1980/}) (5. d5 Nd4 6. Nxd4 Bxd4 7. Bd3 {
is perhaps more ambitious, but the simpler text-move is not so innocuous
either.}) 5... Qa5+ 6. Bd2 ({White plays this natural move more often, but
interesting is} 6. Nfd2 $5 {striving to achieve a more typical Maroczy
position - something Black can hardly prevent.} Qxc5 7. Nb3 Qb4+ (7... Qb6 8.
Be2 d6 9. O-O Be6 10. Be3 Qc7 11. Qd2 Nf6 12. f3 O-O 13. Nc3 Rfc8 14. Nd5 Qd8
15. Rac1 $14 {Olafsson,F-Larsen,B/Buenos Aires/1980/}) 8. Bd2 Qb6 9. Nc3 Nf6
10. Be2 O-O 11. O-O d6 12. Be3 Qd8 13. f3 Be6 14. Qd2 b6 15. Rac1 Nd7 16. Kh1
Rc8 17. f4 f5 18. exf5 gxf5 19. Nd4 Nxd4 20. Bxd4 Nf6 (20... Bxc4 21. Bxg7 Kxg7
22. Qd4+ e5 23. Qxd6 $36) 21. b3 Bf7 22. Rcd1 $36 {Smejkal,J-Podzielny,K/
Dortmund/1977/}) 6... Qxc5 7. Nc3 {This a square for the N, not the B. After} (
7. Bc3 Nf6 8. Bd3 O-O 9. O-O d6 10. a3 Qb6 {White has to develop his Nb1
passively and achieves nothing:} 11. Nbd2 a5 12. b4 $6 Nd7 13. Bxg7 Kxg7 14. b5
Nce5 15. Be2 Qc7 16. Nd4 Nc5 17. a4 b6 18. f4 Ned7 19. Qc2 Bb7 $15 {Simon,
J-Kosanski,S/Zagreb/2006/}) 7... Nf6 8. Be2 O-O (8... Qb6 9. O-O Qd8 10. Qc1 $1
O-O 11. Bh6 d6 12. h3 Be6 13. b3 a6 14. Bxg7 Kxg7 15. Qb2 Kg8 16. Rad1 Qa5 17.
a3 Qb6 18. b4 Rac8 19. c5 $1 dxc5 20. Na4 Qc7 21. Nxc5 $16 {Uhlmann,W-Doda,Z/
Zakopane/1974/}) 9. O-O (9. Be3 Qa5 10. Nd2 $5 d6 11. O-O Nd7 12. Nb3 Qd8 13.
Rc1 f5 14. exf5 gxf5 15. Bg5 Nf6 16. c5 d5 17. Bxf6 Bxf6 18. Nxd5 Bxb2 19. Rc2
Be5 20. Rd2 e6 21. f4 exd5 22. fxe5 Be6 23. Bf3 Nxe5 24. Bxd5 $36 {[%csl Rg8]
ע,Pogorelov,R-Martinez Lozano,M/Albacete/ 2003/}) 9... Ne5 {Black creates a
retreat for his exposed Q and simplifies the position.} ({However, more
logical is} 9... d6 {, as here the option White had later on move 11 is
ineffective:} 10. h3 (10. b4 Qxb4 $1 11. Na4 Qa3 12. Bc1 Qb4 13. Bd2 $11) 10...
Ne5 11. Nxe5 Qxe5 12. Qc2 Be6 13. b3 Rfc8 14. a4 Nd7 15. Rad1 f5 $5 16. exf5
Bxf5 17. Bd3 Nc5 18. Bxf5 Qxf5 19. Qa2 Rf8 20. b4 Bxc3 $6 (20... Nd3 $1 $13)
21. Bxc3 Ne4 22. Ba1 Rf7 23. f3 Nf6 24. Rfe1 Rc8 25. c5 $1 dxc5 26. Re5 $40 {
Adamski,J-Dobosz,H/Sandomierz/1976/}) (9... Qb6 10. Rb1 d6 11. Be3 $14) 10. Rc1
(10. b3 b6 11. Be3 Qa5 12. Rc1 Bb7 13. Nxe5 Qxe5 14. f4 $6 Qe6 15. e5 d6 $1 16.
Bd4 dxe5 17. Bxe5 Rad8 18. Qe1 Rd7 19. Rd1 Rfd8 20. Rxd7 Rxd7 21. Qc1 Qc6 22.
Rf2 Qc5 23. Kf1 Ne8 24. Bxg7 Nxg7 $15 {Pogats,J-Bilek,I/Budapest/1954/}) (10.
Nxe5 Qxe5 11. Qc2 d6 $132 {is similar to the Adamski-Dobosz game above} (11...
b6 12. Qd3 $5 {[%cal Rf2f4] ()[+],/\f4})) 10... d6 11. Be3 $146 ({The most
ambitious move, aiming to profit from White's slight lead in development, is} 
11. b4 $5 Nxf3+ 12. Bxf3 Qc7 (12... Qb6 13. c5 dxc5 14. bxc5 $36) (12... Qe5
13. Re1 $1 $36) 13. Bf4 Qb6 (13... a5 {Hausrath,D-Parulava,T/Leipzig/1995/} 14.
c5 $36) 14. c5 dxc5 15. bxc5 Qa5 16. e5 Nd7 17. c6 $6 (17. Bxb7 Bxb7 18. Qxd7
$16) (17. Re1 $16) (17. Nd5 $1 {/\} Nxe5 18. Nxe7+ Kh8 19. Bxe5 Bxe5 20. c6
Bxh2+ 21. Kxh2 Qe5+ 22. Kg1 Qxe7 23. Re1 $18) 17... Nxe5 18. Bxe5 Bxe5 19. Nd5
Qa3 20. Re1 bxc6 21. Re3 Qb2 22. Nxe7+ Kg7 $132 {Pinkas,K-Lupkowski,E/Warsaw/
1999/}) (11. Nd5 Nxf3+ 12. Bxf3 Nxd5 13. cxd5 Qb6 14. b3 Bd7 15. Be3 Qa5 16.
Qd2 Qxd2 17. Bxd2 Rfc8 $11 {Lopez,F-De Greif,B/Medellin/1972/}) (11. Ne1 Be6
12. b3 h6 13. Be3 Qc8 14. f3 $14 g5 $6 15. Nc2 Ng6 16. Nd4 Nf4 17. Nd5 N6xd5
18. exd5 Bf5 19. Re1 Bg6 20. Bf1 Qd7 21. Qd2 e5 22. dxe6 fxe6 23. Rcd1 Be5 24.
Nb5 Qg7 25. Bd4 $16 {Pogats,J-Haag,E/Budapest/1959/}) 11... Nxf3+ 12. Bxf3 Qa5
13. Qd2 Rd8 (13... Be6 $143 14. Nd5 Qd8 15. Bd4 $14) 14. Rfd1 Be6 (14... Bg4
15. Bxg4 Nxg4 16. Bf4 $14) 15. b3 Rac8 16. Nd5 $5 (16. Bd4 {()} Ne8 $11 {
/+/=,()}) 16... Qxd2 17. Bxd2 (17. Rxd2 $142 Bxd5 (17... Nxd5 18. exd5 Bd7 19.
Bxa7 $16) 18. exd5 $14 {But a draw is enough for White...}) 17... Kf8 18. Bg5
Ng8 $1 19. a4 Bh6 $11 {With this exchange Black wins the theoretical duel,
equalizes and for the following 40 moves tries to create at least a glimmer of
winning chances.} 20. Bxh6+ (20. h4 f6 21. Bxh6+ Nxh6 $11) 20... Nxh6 21. Nc3
f6 22. Be2 Nf7 23. f4 Re8 (23... g5 24. g3 {[%cal Ye2h5] /\Bh5} gxf4 25. gxf4
f5 26. Bf3 $14) 24. Bf3 Rc5 25. Nb5 a5 (25... a6 $5 26. Nd4 Bd7) 26. Nd4 Bd7
27. Nc2 Rec8 28. Ne1 R5c7 29. Nd3 e5 30. fxe5 dxe5 (30... Nxe5 $6 31. Nf4 $36)
(30... fxe5 31. Kf2 Ke7 32. Ke3 Ng5 $11) 31. Nc5 Rd8 {Black doesn't want to
give up the <->d, but now White breaks up the <<.} (31... Rxc5 32. Rxd7 R8c7 (
32... R5c7 33. Rd5 $11) 33. Rcd1 Ke8 34. R7d3 $11) 32. Rd5 b6 33. Nxd7+ Rdxd7
34. Rb5 Rd6 35. c5 $5 Rdc6 (35... Ng5 $5 36. Rc4 (36. Kf2 Rd2+ 37. Ke3 Rcd7 38.
Be2 bxc5 39. Rcxc5 Nxe4 $13) 36... Rxc5 37. Rcxc5 bxc5 38. Rxa5 $11) 36. Kf2
bxc5 37. Rxa5 Nd6 38. Ra8+ Ke7 39. Rb8 Ra7 (39... c4 $6 40. b4 $36 {[%csl Ga4,
Gb4] o^a,b}) 40. Ke3 c4 41. Rc3 Rcc7 42. Be2 cxb3 43. Rxc7+ Rxc7 44. Rxb3 Rc5 (
44... Ra7 45. Rb4 f5 46. exf5 gxf5 47. g3 $11) 45. g4 g5 (45... f5 46. gxf5
gxf5 47. exf5 Nxf5+ 48. Ke4 Nd6+ 49. Ke3 Ra5 $11 {would be a logical
continuation.}) 46. Bd3 Kd7 47. Rb8 Rc3 {Black nearly overdoes it.} (47... Ra5
$142 $11) 48. Rh8 Ra3 49. Rxh7+ Kc6 50. Rh6 Kc5 51. Rxf6 Nc4+ 52. Ke2 Ra2+ 53.
Kf3 Ra3 54. Ke2 Nb2 (54... Ra2+ 55. Kf3 $11 (55. Ke1 Ne3 $5 $44)) 55. Bb5 Nxa4
56. Bxa4 Rxa4 57. Rf5 Kd4 58. Rxg5 Kxe4 59. h4 Ra2+ 60. Kf1 Ra5 $2 (60... Kf4
61. Rf5+ (61. Rg8 $6 Kf3 62. Ke1 e4) 61... Kxg4 $11) 61. Rf5 Kd3 {Here Milov
decided to save at least some rating points, if not the match.} (61... Ra2 62.
Rf2 $16) (61... Kd3 62. g5 Ra1+ 63. Kg2 e4 64. g6 $18) 1/2-1/2

[Event "ESP-chT"]
[Site "Sanxenxo"]
[Date "2004.11.20"]
[Round "3"]
[White "Vallejo Pons, Francisco"]
[Black "Marin, Mihail"]
[Result "1-0"]
[WhiteElo "2678"]
[BlackElo "2511"]
[Annotator "Stohl,I"]
[PlyCount "63"]
[EventDate "2004.11.18"]
[EventType "team"]
[EventRounds "9"]
[EventCountry "ESP"]
[SourceTitle "CBM 105"]
[Source "ChessBase"]
[SourceDate "2005.04.11"]
[SourceVersion "1"]
[SourceVersionDate "2005.04.11"]
[SourceQuality "1"]

1. Nf3 g6 2. d4 Bg7 3. c4 c5 4. e4 d6 5. Be2 (5. Nc3 Nc6 6. Be3 {-A42 gives
White chances to fight for an edge.}) 5... Nc6 (5... Bg4 6. d5 $14 {()}) 6. d5
Nd4 7. Nxd4 cxd4 {This capture is more consistent than} (7... Bxd4 8. Nc3 $1
Bd7 (8... Nf6 9. Nb5 $1 $36) 9. O-O h6 (9... Nf6 $142 10. Qc2 $14) 10. Bd3 g5
11. Rb1 Nf6 12. Ne2 Be5 13. f3 Qa5 14. a3 Rg8 15. b4 Qc7 16. Be3 b6 17. Qd2 Nh5
18. Kh1 Qc8 19. g3 Qa6 20. Rb3 Kd8 21. Rg1 Kc7 22. Nc3 $16 {(),-><<,Labollita,
M-Dolezal,C/Buenos Aires/2003/}) 8. O-O Qb6 {This popular move is in fact
risky, as Black remanins behind in development. Maybe after this game he will
turn his attention to} (8... e5 $5 9. Nd2 (9. dxe6 fxe6 10. Qa4+ Bd7 11. Qb4
Bc6 $132) 9... Nf6 (9... a5 $5) 10. b4 a5 11. c5 O-O 12. Ba3 axb4 13. Bxb4 dxc5
14. Bxc5 Re8 15. Bd3 b6 16. Bb4 Bf8 17. Bxf8 Rxf8 18. Bb5 Bd7 $14 {/=,
Krivonosov,O-Zujev,O/Vilnius/2000/}) 9. a4 $1 $146 {[%mdl 8] An interesting
new idea. Previous practice has shown Black's position is solid enough, so to
get anything White has to act as fast as possible.} ({Marin was surely
inspired by Topalov's games and his own failure to achieve an advantage:} 9.
Nd2 Nf6 10. Rb1 a5 $1 11. b3 O-O 12. a3 (12. Bb2 e5 $1 13. dxe6 fxe6 14. Ba3 e5
15. Rc1 Nd7 16. Bg4 Nc5 17. Bxc8 Raxc8 18. Bxc5 Qxc5 19. Nf3 Qc6 20. Re1 Rf4
21. Qd3 Rcf8 22. Re2 Bh6 23. Rf1 Rxf3 $5 24. gxf3 Qe8 25. Kg2 Qd8 $44 {Marin,
M-Lacasa Diaz,J/Andorra/2003/}) 12... e5 13. b4 axb4 14. axb4 Bd7 15. Bd3 Qc7
16. Nb3 b6 17. Bd2 Nh5 18. Rc1 Ra3 19. Ra1 Rxa1 20. Nxa1 Nf4 21. Bxf4 exf4 22.
Nc2 Ba4 23. Qd2 Bxc2 24. Qxc2 Ra8 25. Qb2 Qa7 26. Rd1 Be5 $15 {[%csl Rd3,Ge5] /
=,Kramnik,V-Topalov,V/Dos Hermanas/1999/}) (9. Qb3 Nf6 10. Nd2 O-O 11. Rd1 Nd7
12. Qxb6 axb6 13. Nb3 (13. a3 $142 Nc5 14. Rb1 $13) 13... Nc5 $1 14. Nxc5 bxc5
15. Bd3 Bd7 16. Bg5 Bf6 17. Bxf6 exf6 18. Rdb1 b6 19. a3 Rfb8 20. b4 Kf8 $11 {
/=/+,Karpov,A-Topalov,V/Monte Carlo blind/2001/}) (9. Na3 Nf6 10. Bf3 Nd7 11.
Nc2 O-O 12. Rb1 e5 13. dxe6 fxe6 14. b3 a5 15. Ba3 e5 16. Ne1 Nc5 17. Bxc5 Qxc5
18. Nd3 Qc6 19. a4 b6 20. Qe2 h5 21. g3 Bh6 22. Rbe1 Ra7 23. Bg2 Raf7 24. h4
Bg4 25. f3 Be6 $11 {1/2,Badea,B-Abergel,T/Marseille op/2003/}) 9... a5 {
A natural reply.} (9... Nf6 10. a5 Qc5 11. Nd2 Qc7 (11... O-O 12. Nb3 $16) 12.
b4 $36) 10. c5 $1 {[%mdl 640] Opening the position gives White a strong
initiative. Otherwise the insertion of a4 and a5 would favour Black, giving
his N a potential outpost on c5.} Qxc5 (10... dxc5 11. Bb5+ Kf8 (11... Bd7 12.
Bxd7+ Kxd7 13. Na3 $16) 12. Nd2 $44 {->}) 11. Bb5+ Bd7 $6 (11... Kf8 $142 12.
Na3 $36 (12. Nd2 $44)) 12. Bxd7+ Kxd7 13. Qb3 (13. Na3 $5 $40) 13... Rc8 {
Now Black will manage to connect his R and get his K out of the way only after
it's too late.} (13... Qb4 $5 14. Qd3 $5 (14. Qh3+ $143 Ke8 $13) 14... Nf6 15.
Na3 $36) 14. Bd2 $1 Nf6 15. Re1 Rhd8 (15... Qc4 16. Qxb7+ (16. Qh3+ $5 e6 17.
Na3 Qa6 18. Nb5 $40) 16... Rc7 17. Qb6 Qc5 18. Bxa5 $16) 16. Na3 Ke8 17. Rac1 {
White ignores the Pb7 and develops with tempi.} Qa7 $8 18. Nb5 Qb8 $8 (18...
Qb6 $2 19. Nc7+ $18) (18... Qa8 19. Nc7+ $18) 19. Bxa5 Rxc1 $2 (19... b6 $8 20.
Bd2 Rxc1 21. Bxc1 $16) 20. Rxc1 $18 Rc8 (20... b6 21. Bxb6 $1 $18) 21. Bc7 Nd7
(21... Kf8 22. Qc4 (22. Rc4 $16) 22... Qa8 23. Nxd6 $5 Rxc7 24. Qxc7 exd6 25.
Qxd6+ Kg8 26. e5 Bh6 27. Rc4) (21... Nxe4 $2 22. Qc2 d3 23. Qxd3 Nf6 24. Nxd6+
$1 $18) 22. Rc4 Qa8 23. Bxd6 $1 Rxc4 (23... exd6 $2 24. Rxc8+ Qxc8 25. Nxd6+
$18) 24. Qxc4 Kf8 (24... exd6 25. Nc7+ $18) 25. Bc7 d3 26. b3 d2 27. Qc2 Nc5 (
27... Bh6 28. f4 Nc5 29. Qxd2 Nxe4 30. Qd4 Nf6 31. d6 $18) (27... Nf6 28. Qxd2
Nxe4 29. Qb4 Nf6 30. d6 $18) 28. d6 $1 {The most direct solution.} (28. Qxd2
Nxb3 (28... Nxe4 {-27...Nf6}) 29. Qb4 $18) 28... Qe8 (28... exd6 29. Bxd6+ Kg8
30. Bxc5 Qc8 31. b4 b6 32. Qxd2 $18) 29. dxe7+ Kg8 (29... Qxe7 $2 30. Bd6) 30.
Bd6 Qd7 (30... Nxe4 31. Nc7 $18) 31. Qxd2 (31. Nc7 Qxd6 32. e8=Q+ Bf8 33. Nd5
$18) 31... Nxe4 32. Qe2 (32. Qa5 $142 $1) (32. Qe2 Nf6 33. Ba3 {[%cal Rb5d6] /
\Nd6}) 1-0

[Event "Osterskars m"]
[Site "Osterskars"]
[Date "1995.??.??"]
[Round "1"]
[White "Gelfand, Boris"]
[Black "Andersson, Ulf"]
[Result "0-1"]
[WhiteElo "2685"]
[BlackElo "2630"]
[Annotator "Tisdall,J"]
[PlyCount "104"]
[EventDate "1995.??.??"]
[EventType "match"]
[EventRounds "2"]
[EventCountry "SWE"]
[SourceTitle "CBM 049"]
[Source "ChessBase"]
[SourceDate "1995.12.01"]
[SourceVersion "1"]
[SourceVersionDate "1995.12.01"]
[SourceQuality "1"]

{This was the first of a two-game exhibition match held alongside the SCT. The
time control was 40/2, followed by one hour each for the rest of the game.
Andersson was in excellent form for his exhibitions, and this game shows him
at his best, with a extremely flexible style. His play is original and the
game is quickly steered into uncharted and fascinating waters. Gelfand was
greatly impressed, and so intrigued by the complications that arose, that he
felt no pain from the disappointing (for him) outcome.} 1. d4 e6 2. c4 Bb4+ 3.
Nc3 Ne7 $5 4. Qc2 O-O 5. e3 c5 6. Bd3 h6 7. a3 Bxc3+ 8. Qxc3 cxd4 9. exd4 d5 $5
{An interesting decision. I was watching the game, which took place on our
rest day, with GMs Helgi Olafsson and Lars Karlsson. Karlsson and I were
sceptical about Andersson's original set-up, particularly black's 6th move
which seemed to be an unhappy weakening. Helgi anticipated a relatively
classical black development with ...d6, Sb8-d7-f6, b6, Lb7, when he liked
black's position. Andersson's decision, which commits himself to a battle of
passed pawn duos, seems to be begging for trouble given white's bishop pair,
but the Swedish super-GM has given matters much deeper thought.} 10. c5 b6 {
Preparing not only to liberate his center, but also creating the option of ...
La6. The latter is an inconvenience for white who would prefer to keep his
bishop pair to exploit the assets of his position.} 11. Nf3 $6 {I never feel
comfortable criticising the moves of esteemed players, but this bothers me for
several reasons. First, it seems less flexible to play this, rather than 11.b4.
It also rules out a possible transfer of the queen along the third rank, as
well as the option of using the f-pawn to hinder black's center. Also, ...e5
will come with threat of fork.} (11. b4 bxc5 12. dxc5 d4 {(To exploit the lack
of Sf3)} (12... f6 13. f4 $5 d4 14. Qc4 Nbc6 15. Nf3 {looks better for white
to me.}) 13. Qc2 Bb7 (13... Ba6 14. Nf3 {again feels better for white.} (14. b5
$2 Bxb5 15. Bxb5 Qa5+)) 14. Ne2 e5 {and now I suppose the critical move is} 15.
b5 $5) 11... bxc5 12. dxc5 f6 13. b4 e5 14. Bc2 Bf5 {A more harmonious way of
using this bishop than from a6. Black also solves any worries about his king
position.} 15. Bb3 Kh8 16. O-O d4 17. Qb2 Nbc6 18. b5 e4 $5 {Admirable
consistency, giving centralization top priority. The pedestrian} (18... Na5 {
was also very interesting.} 19. Ba2 {(to hinder Dd5)} Nb7 $5 20. c6 Nc5 {
and black's active pieces must give him at least his share of the play.}) 19.
Nh4 Ne5 20. Nxf5 Nxf5 21. Qe2 d3 22. Qxe4 Nd4 23. Bd1 (23. Bd5 $4 Ne2+ 24. Kh1
Nc3) (23. Ba2 $5 Re8 (23... Nxb5 $5) 24. Kh1 f5 25. Qf4 {is very obscure, but
looks better for white than the game to me.} (25. Qd5 Qxd5 26. Bxd5 Rad8 {
can only be dangerous for white.})) 23... Re8 24. Kh1 f5 25. Qe3 (25. Qf4 {
is much more hazardous now that black has the possiblity of} Nc4) 25... Qh4 26.
Qf4 Qxf4 27. Bxf4 Nxb5 {Now an interesting second phase of the battle, where
Andersson uses his renowned technique to continue posing problems.} 28. Bh5 (
28. Ba4 {is a natural alternative. After} a6 29. Rad1 Rad8 {Black's activity
hints that white must take care;} 30. Rfe1 Nc4 (30... Ng4 31. Rxe8+ Rxe8 32.
Bxb5 axb5 33. Kg1 {should be OK for white.}) 31. Rxe8+ Rxe8 32. Bxb5 axb5 {
and white's position is still unpleasant.}) 28... g6 29. Rae1 (29. Bxe5+ Rxe5
30. Bxg6 Nc3 {must be better for black.}) 29... gxh5 30. Rxe5 {White reduces
the power of the passed d-pawn by trading a rook.} Rxe5 31. Bxe5+ Kg8 32. Rd1 (
32. a4 Na3 33. Rd1 Nc4 34. Bc3 {should be fine for white, who can approach the
center with his king and if needed, jettison the c-pawn to eliminate the
d-pawn.}) 32... Re8 33. f4 Nxa3 34. Rxd3 Nc4 35. Bd4 (35. Kg1 {intending} Nxe5
36. Re3 {leaves black better after} Kf7 37. fxe5 Rc8 {and}) (35. Bc3 Re3 36.
Rxe3 Nxe3 37. c6 Nd5 38. Be5 Kf7 {must favor black as well.}) 35... Rd8 36. c6
Kf7 37. c7 Rc8 38. Rg3 $2 {Since it seems that black's a-pawn is superior to
the c-pawn, white should bail out with} (38. Bxa7 Rxc7) 38... Ke6 39. Rg7 a5
40. Rh7 Kd5 {The time control is reached, and white's position is critical.}
41. Bc3 a4 42. Kg1 a3 43. Kf2 a2 44. Ke2 Nd6 45. Kd3 Nb5 46. Bb2 (46. Be5 Rxc7
47. Rxh6 Ra7 48. Rxh5 Nd4 $1 49. Bxd4 Ra3+) 46... Rxc7 47. Rxh6 Ra7 48. Rxh5 {
I believe} (48. Ba1 Nd4 49. Kc3 {was a better chance to resist, though his
success is doubtful after} Rb7 $1 (49... Rc7+ 50. Kb2 Rc2+ 51. Ka3 Rxg2 52.
Rxh5 Ke4 53. Bb2) 50. Ra6 {or} (50. Rh8 $5 Ne2+ 51. Kd2 Rb1 $1 52. Bf6 Nxf4 53.
Ra8 Rh1 $1) 50... Rc7+ $1 51. Kb2 (51. Kd3 Nb3) 51... Rc2+ 52. Ka3 Rxg2) 48...
Ra3+ 49. Kd2 Ke4 50. g4 Rf3 {The threat of ...Tf2+ is devastating.} 51. gxf5 (
51. Rxf5 Rf2+ 52. Kc1 Nd4 53. Bxd4 Rf1+ $1 54. Kc2 Kxd4) (51. Ke1 Rb3) 51...
Rf2+ 52. Kc1 Nd4 {The a-pawn triumphs.} 0-1